Administración de la pequeña empresa
Uloženo v:
| Hlavní autor: | |
|---|---|
| Médium: | Kniha |
| Jazyk: | španělština |
| Vydáno: |
Ciudad de México
McGraw Hill
2002
|
| Vydání: | 2a. ed |
| Témata: | |
| Tagy: |
Přidat tag
Žádné tagy, Buďte první, kdo vytvoří štítek k tomuto záznamu!
|
MARC
| LEADER | 00000nam a2200000 a 4500 | ||
|---|---|---|---|
| 001 | UCL5996 | ||
| 003 | CL-VaPUC | ||
| 008 | 040326e20020000MX |||||||||||||||||spa|d | ||
| 020 | |a 9701034619 | ||
| 082 | 0 | 4 | |a 658.022 |b ANZ |2 21 |
| 100 | 0 | |a Anzola Rojas, Sérvulo |e author |9 483745 | |
| 245 | 1 | 0 | |a Administración de la pequeña empresa |
| 250 | |a 2a. ed | ||
| 300 | |a 374 p | ||
| 942 | |c BK | ||
| 945 | |d 20040326 00:00:00 |a cmena | ||
| 260 | |a Ciudad de México |b McGraw Hill |c 2002 | ||
| 650 | 0 | |a Empresas |9 255569 | |
| 650 | 0 | |a Administración de empresas |9 260833 | |
| 650 | 0 | |a Ciencias administrativas |9 337994 | |
| 650 | 0 | |a Recursos humanos |9 228420 | |
| 650 | 0 | |a Producción |9 263680 | |
| 650 | 0 | |a Planificación estratégica |9 259735 | |
| 583 | |a last modification |c 20040326 00:00:00 |k Rodrigo Vera | ||
| 999 | |c 308306 |d 308304 | ||
| 952 | |0 0 |1 0 |4 0 |6 658_022000000000000_ANZ_2002 |7 0 |8 A |9 374679 |a BIBENE |b BIBENE |d 2019-11-21 |i 3998207 |o 658.022 ANZ 2002 |p 3998207 |r 2025-01-15 |w 2019-11-21 |y BK |k ICO | ||
| 952 | |0 0 |1 0 |4 0 |6 658_022000000000000_ANZ_2002 |7 0 |8 A |9 374680 |a BIBENE |b BIBENE |d 2019-11-21 |i 3998215 |o 658.022 ANZ 2002 |p 3998215 |r 2025-01-15 |w 2019-11-21 |y BK |k ICO | ||
| 952 | |0 0 |1 0 |4 0 |6 658_022000000000000_ANZ_2002 |7 0 |8 A |9 374681 |a BIBENE |b BIBENE |d 2019-11-21 |i 3998223 |o 658.022 ANZ 2002 |p 3998223 |r 2025-01-15 |w 2019-11-21 |y BK |k ICO | ||